00510 2200169 4500001002100000008004100021035002000062245011000082100001500192260003600207300002100243084001600264082000800280650002400288990001400312990001400326INLIS000000000000377 ind  a0010-0725000082 aDasar-dasar Fisika Program Ilmu-ilmu Fisik dan Ilmu-ilmu BiologibUntuk Kelas 3 Semester 5 SMAcY. Surono aSurono, Y. aKlaten :bIntan Pariwara,c1990 a131 hlm.c28 cm. a530 SUR d-1 a530 aPendidikan - Fisika a000000428 a000000429